Polymers in concrete / (Record no. 531646)
[ view plain ]
| 000 -LEADER | |
|---|---|
| fixed length control field | 00973cam a2200265 a 4500 |
| 001 - CONTROL NUMBER | |
| control field | 4888795 |
| 005 - DATE AND TIME OF LATEST TRANSACTION | |
| control field | 20191022182323.0 |
| 008 - FIXED-LENGTH DATA ELEMENTS--GENERAL INFORMATION | |
| fixed length control field | 930908s1994 flua b 001 0 eng |
| 010 ## - LIBRARY OF CONGRESS CONTROL NUMBER | |
| LC control number | 93029292 |
| 020 ## - INTERNATIONAL STANDARD BOOK NUMBER | |
| International Standard Book Number | 0849348153 (acidfree paper) |
| 040 ## - CATALOGING SOURCE | |
| Transcribing agency | DLC |
| 082 00 - DEWEY DECIMAL CLASSIFICATION NUMBER | |
| Classification number | 620.136 |
| Author Mark | CHA |
| 100 1# - MAIN ENTRY--PERSONAL NAME | |
| Personal name | Chandra, Satish, |
| Dates associated with a name | 1943- |
| 9 (RLIN) | 24551 |
| 245 10 - TITLE STATEMENT | |
| Title | Polymers in concrete / |
| Statement of responsibility, etc. | Satish Chandra, Yoshihiko Ohama. |
| 260 ## - PUBLICATION, DISTRIBUTION, ETC. | |
| Place of publication, distribution, etc. | Boca Raton : |
| Name of publisher, distributor, etc. | CRC Preess, |
| Date of publication, distribution, etc. | c1994. |
| 300 ## - PHYSICAL DESCRIPTION | |
| Extent | 204 p. : |
| Other physical details | ill. ; |
| Dimensions | 25 cm. |
| 504 ## - BIBLIOGRAPHY, ETC. NOTE | |
| Bibliography, etc. note | Includes bibliographical references and index. |
| 650 #0 - SUBJECT ADDED ENTRY--TOPICAL TERM | |
| Topical term or geographic name entry element | Polymer-impregnated concrete. |
| 9 (RLIN) | 21968 |
| 650 #0 - SUBJECT ADDED ENTRY--TOPICAL TERM | |
| Topical term or geographic name entry element | Polymers. |
| 9 (RLIN) | 2051 |
| 650 #0 - SUBJECT ADDED ENTRY--TOPICAL TERM | |
| Topical term or geographic name entry element | Concrete. |
| 9 (RLIN) | 564 |
| 700 1# - ADDED ENTRY--PERSONAL NAME | |
| Personal name | Ohama, Yoshihiko. |
| 9 (RLIN) | 24552 |
| 856 42 - ELECTRONIC LOCATION AND ACCESS | |
| Materials specified | Publisher description |
| Uniform Resource Identifier | <a href="http://www.loc.gov/catdir/enhancements/fy0744/93029292-d.html">http://www.loc.gov/catdir/enhancements/fy0744/93029292-d.html</a> |
| 942 ## - ADDED ENTRY ELEMENTS (KOHA) | |
| Source of classification or shelving scheme | |
| Koha item type | Book |
| Withdrawn status | Lost status | Source of classification or shelving scheme | Damaged status | Not for loan | Permanent Location | Current Location | Date acquired | Total Checkouts | Total Renewals | Full call number | Barcode | Checked out | Date last seen | Date last checked out | Price effective from | Koha item type |
|---|---|---|---|---|---|---|---|---|---|---|---|---|---|---|---|---|
| School of Civil and Environmental Engineering (SCEE) | School of Civil and Environmental Engineering (SCEE) | 10/22/2019 | 1 | 1 | 620.136 CHA | NIT-12782 | 02/16/2024 | 10/22/2019 | 10/22/2019 | 10/22/2019 | Book |
